| 000 | 00386nam a2200157Ia 4500 | ||
|---|---|---|---|
| 008 | 151213s9999 xx 000 0 und d | ||
| 100 | _aEvangelas PeTroutses | ||
| 245 |
_aVisual Basic -06 _cEvangelas PeTroutses |
||
| 250 | _a1st | ||
| 260 |
_aDelhi _bB.P.B _c2002 |
||
| 300 | _a4196 p. | ||
| 650 | _aComputer | ||
| 650 | _aComputer | ||
| 700 | _aEvangelas PeTroutses | ||
| 999 |
_c2620 _d2620 |
||